Culture générale - numéro 22 - Statistiques

Statistiques générales
  • Ce quiz a été pris 193 fois
  • Le résultat moyen est 10 sur 15
Statistiques - réponses
Question Réponse % Correct
Que signifie le premier W de l'organisme WWF? World
97%
À quel siècle est décédé le dernier pape nommé Léon? 20ème
88%
Sur quelle chaîne de montagnes se situe le mont Everest? Himalaya
81%
Quelle fleuve prend sa source en Ardèche pour se jeter dans l'océan en Loire-Atlantique? Loire
78%
En quelle année est sorti le jeu vidéo Fortnite? 2017
75%
Quelle ville Suisse se situe à la frontière française et allemande? Bâle
72%
Combien d'année à duré la guerre de 100 ans? 116
69%
Quelle est la console Microsoft la plus vendue? Xbox 360
68%
Dans quel archipel se situent Majorque et Ibiza? Baléares
66%
Avec quel entraîneur l'équipe de France de football à t'elle remporté la coupe du monde 1998? Aimé Jacquet
63%
Quel est le stade officiel de l'équipe de foot d'Angleterre? Wembley Stadium
55%
Quel autre type de carte bancaire est couramment utilisée avec la carte de crédit? Débit
53%
Quelle pâtisserie bretonne est principalement composée de beurre et de sucre caramélisé? Kouign-amann
51%
À quoi est relatif le mot "onirique"? Rêves
47%
Quel terme désigne t'on pour nommer un habitant d'un pays ou d'une ville? Gentilé
41%
Aucun quiz correspondant
Distribution des résultats
% des personnes avec chaque résultat
Percentile par nombre de réponses
Votre historique - résultats
Vous n’avez pas pris ce quiz